000 00838nam a22002417a 4500
003 UA-OsUOA
001 69750
007 ta
008 20100705b un ||||| |||| 00| 0 ukr d
090 _a340.1(477)
_bП78
942 _cBK
040 _aUA-OsUOA
_brus
_cUA-OsUOA
_dUA-OsUOA
245 _aПроблемы социалистической законности
_bРеспубликанский межведомственный научный сборник
_cТаций В. Я.
300 _a144 с.
955 _a2
041 _arus
080 _a340.1(477)
022 _a0201-7245
260 _aХарків
_bВища школа
_c1984
250 _nВыпуск 14
650 7 _a340 Право в цілому. Пропедевтика. Методи та допоміжні правничі науки
_2UDC
999 _c355944
_d355944